Bodas de oro de la Casa Provincial de Maternidad y Expósitos de Barcelona / Ramón Albó y Martí
Publicado:
La Hormiga de Oro, núm. 48 (nov. 1903), pàg. 1 - 3 :
Descripción Física:
il. ; 31 cm
MARC
| LEADER | 00000nam a2200000Ia 4500 | ||
|---|---|---|---|
| 001 | 22617 | ||
| 008 | 160829s9999 xx 000 0 cat d | ||
| 080 | |a RF-13-69 | ||
| 100 | |a Albó Martí, Ramón |9 47528 | ||
| 245 | |a Bodas de oro de la Casa Provincial de Maternidad y Expósitos de Barcelona / Ramón Albó y Martí | ||
| 260 | |a La Hormiga de Oro, núm. 48 (nov. 1903), pàg. 1 - 3 | ||
| 300 | |a il. ; |c 31 cm | ||
| 590 | |a Prové de J-3022, exp. 5. | ||
| 590 | |a Hi ha un duplicat a: DUP-73-10 | ||
| 610 | 2 | 0 | |a Casa de Maternitat i Expòsits de Barcelona |9 52670 |
| 650 | 0 | |a Beneficència |z Barcelona (Catalunya) |9 39138 | |
| 710 | 2 | |a Casa de Maternitat i Expòsits de Barcelona |9 52670 | |
| 856 | 4 | |u https://media.diba.cat/diba/fitxers/arxiu/fulletons/bib_22617_1903_baixa.pdf |y Accés lliure | |
| 856 | 4 | |u https://media.diba.cat/diba/fitxers/arxiu/fulletons/bib_22617_1903_baixa.pdf |y Accés lliure | |
| 901 | |a Arxiu | ||
| 942 | |n 1 |2 udc | ||
| 952 | |0 0 |1 0 |4 0 |6 RF1369 |7 1 |9 53942 |a Arxiu |b Arxiu |d 2016-12-01 |l 0 |o RF-13-69 |p 22617 |r 2016-12-01 00:00:00 |w 2016-12-01 |y ARXIU | ||
| 999 | |c 57809 |d 57809 | ||
| 900 | |a bib_22617_1903_baixa.pdf | ||